Právna úprava starobného dôchodkového sporenia - quo vadis?

Dôchodková reforma sa stala na území Slovenskej republiky nevyhnutnosťou. Analýza vývoja právnej úpravy tejto veľmi senzitívnej matérie a reálne dopady hospodárenia v dôchodkových fondoch.

Salvato in:
Dettagli Bibliografici
Autore principale: Slezáková, Andrea, 1980-
Altri autori: Tkáč, Peter
Natura: Capitolo di libro
Lingua:slovacco
Soggetti:
Tags: Aggiungi Tag
Nessun Tag, puoi essere il primo ad aggiungerne!!

MARC

LEADER 00000naa a2200000 4500
001 0186927
005 20220712083059.0
041 0 |a slo 
044 |a SK 
245 1 0 |a Právna úprava starobného dôchodkového sporenia - quo vadis?  |c Andrea Slezáková, Peter Tkáč 
520 |a Dôchodková reforma sa stala na území Slovenskej republiky nevyhnutnosťou. Analýza vývoja právnej úpravy tejto veľmi senzitívnej matérie a reálne dopady hospodárenia v dôchodkových fondoch. 
610 2 0 |a úpravy právne 
610 2 0 |a Slovensko 
610 2 0 |a sporenie dôchodkové 
610 2 0 |a reformy dôchodkové 
100 1 |a Slezáková, Andrea, 1980- 
700 1 |a Tkáč, Peter